| 000 | 00840nam a2200241 a 4500 | ||
|---|---|---|---|
| 005 | 20250214063748.0 | ||
| 008 | 121113s1989 es r 000 0 spa d | ||
| 020 | _a8426411843 | ||
| 035 | _aUPN01000188528 | ||
| 049 | _aCG | ||
| 050 | 4 |
_aPR4624 _bS5.3 |
|
| 245 | 0 | 3 |
_aEl signo de los tres / _ced. Humberto Eco. |
| 260 |
_aBarcelona, Esp. : _bLumen, _c1989. |
||
| 300 |
_a332 p. : _bil. |
||
| 440 | 0 |
_aPalabra en el tiempo ; _v184 |
|
| 534 |
_pTítulo original : _tThe sign of three |
||
| 600 | 1 | 4 |
_aDOYLE, ARTHUR CONAN, _cSIR, _d1859-1930 - _xPERSONAJES - _xSHERLOCK HOLMES _920995 |
| 600 | 1 | 4 |
_aPoe, Edgar Allan, _d1809-1849 _xCrítica e interpretación _95237 |
| 600 | 1 | 4 |
_aPEIRCE, CHARLES SANDERS, _d1839-1914 - _xCRITICA E INTERPRETACION _98125 |
| 700 | 1 |
_aEco, Umberto, _d1932-2016 _eed. _930161 |
|
| 905 | _aLibro | ||
| 999 |
_c160631 _d160631 |
||